Statistiques concernant Sports Nationaux des 100 pays les plus peuplés

Cliquez ici pour prendre le quiz!

Statistiques générales

  • Ce quiz a été pris 354 fois
  • Le résultat moyen est 78 sur 100

Statistiques - réponses

PaysSport national% Correct
Algérie | Allemagne | Angola | +50 othersFootball
100%
Emirats Arabes UnisFootball
97%
Grèce | Philippines | Soudan du SudBasket-ball
91%
RussieTennis
84%
Afrique du SudRugby
82%
Australie | PakistanCricket
78%
Corée du Sud | Cuba | Japon | +3 othersBaseball
71%
ChineTennis de table
71%
Etats UnisFootball américain
70%
Biélorussie | Ethiopie | Kenya | +2 othersAthlétisme
67%
Sri LankaVolleyball
65%
Canada | SuèdeHockey sur glace
60%
Corée du Nord | OuzbékistanJudo
57%
Papouasie-Nouvelle-GuinéeRugby
56%
Autriche | SuisseSki alpin
46%
MalaisieBadminton
41%
Burkina Faso | Kazakhstan | Pays BasCyclisme
40%
TchéquieHockey sur glace
37%
CambodgeBoxe
36%
Azerbaïdjan | Sénégal | Tadjikistan | TchadLutte
35%
IndeHockey sur gazon
32%
HongrieWater-polo
23%
MadagascarPétanque
17%
NépalAlpinisme
11%
ThaïlandeMuay thaï
5%
BangladeshKabbadi
2%
AfghanistanBouzkachi
1%
BirmanieChinlon
0%

Distribution des résultats

Percentile par nombre de réponses

% des personnes avec chaque résultat

Votre développement - résultats

Vous n’avez pas pris ce quiz